[Event "Montreal Mercredi 01"]
[Site "Montreal"]
[Date "2009.01.28"]
[Round "4"]
[White "Serra, Luc"]
[Black "Turcotte, Jonathan"]
[Result "1-0"]
[WhiteElo "1747"]
[BlackElo "1743"]
[PlyCount "79"]
[EventDate "2009.01.07"]
[EventType "tourn"]
[EventRounds "5"]
[EventCountry "CAN"]
[SourceTitle "EXT 2011"]
[Source "ChessBase"]
[SourceDate "2010.11.26"]
[SourceVersion "1"]
[SourceVersionDate "2010.11.26"]
[SourceQuality "1"]

1. e4 d6 2. d4 Nf6 3. Nc3 g6 4. Nf3 c6 5. Bd3 Bg7 6. h3 0-0 7. a4 Nbd7 8. 0-0 e5 9. Be3 Qc7 10. dxe5 dxe5 11. Qb1 a5 12. Qa2 h6 13. Bc4 g5 14. Rad1 Nh5 15. Rd2 Nf4 16. Bb3 Nb6 17. Bc5 Nd7 18. Bxf8 Nxf8 19. Rfd1 N8e6 20. Ne2 Bf6 21. Ng3 Nc5 22. Rd6 Nfe6 23. Bc4 Be7 24. R6d2 Bf8 25. c3 Nf4 26. Rd8 Nce6 27. R8d2 Nc5 28. Ne1 h5 29. Qb1 Nxa4 30. Nd3 b5 31. Bb3 Nxd3 32. Qxd3 Nc5 33. Qc2 Nxb3 34. Qxb3 Be6 35. Qc2 h4 36. Nf5 a4 37. Qc1 Bb3 38. Rd7 Qb6 39. Qxg5+ Kh8 40. Qf6+ 1-0

[Event "Montreal Mercredi 11"]
[Site "Montreal"]
[Date "2008.11.26"]
[Round "2"]
[White "Serra, Luc"]
[Black "Monga, Alain"]
[Result "1-0"]
[WhiteElo "1661"]
[BlackElo "1611"]
[PlyCount "43"]
[EventDate "2008.11.19"]
[EventType "tourn"]
[EventRounds "5"]
[EventCountry "CAN"]
[SourceTitle "EXT 2011"]
[Source "ChessBase"]
[SourceDate "2010.11.26"]
[SourceVersion "1"]
[SourceVersionDate "2010.11.26"]
[SourceQuality "1"]

1. e4 c6 2. d4 d5 3. e5 e6 4. Nf3 Nd7 5. Bd3 c5 6. c3 Qb6 7. 0-0 Ne7 8. Qe2 Nc6 9. dxc5 Bxc5 10. b4 Be7 11. Na3 a6 12. Nc2 Qc7 13. Bf4 g5 14. Bxg5 Ncxe5 15. Bxe7 Kxe7 16. Nxe5 Nxe5 17. f4 Nxd3 18. Qxd3 Bd7 19. Nd4 Rac8 20. Rac1 Qc4 21. Qe3 Kd6 22. Qe5+ 1-0

[Event "Montreal Mercredi 10"]
[Site "Montreal"]
[Date "2008.10.28"]
[Round "4"]
[White "Landry, Martin"]
[Black "Serra, Luc"]
[Result "0-1"]
[WhiteElo "1581"]
[BlackElo "1607"]
[PlyCount "72"]
[EventDate "2008.10.08"]
[EventType "tourn"]
[EventRounds "5"]
[EventCountry "CAN"]
[SourceTitle "EXT 2011"]
[Source "ChessBase"]
[SourceDate "2010.11.26"]
[SourceVersion "1"]
[SourceVersionDate "2010.11.26"]
[SourceQuality "1"]

1. d4 d6 2. e4 e5 3. dxe5 dxe5 4. Qxd8+ Kxd8 5. Bc4 f6 6. Ne2 Nd7 7. 0-0 c6 8. Rd1 Kc7 9. Nbc3 Bc5 10. a3 a5 11. Rb1 a4 12. Na2 Ne7 13. Be6 Nb6 14. Bxc8 Nbxc8 15. Nb4 Nd6 16. Ng3 h5 17. Re1 Rhd8 18. Nd3 Bb6 19. Bd2 h4 20. Nf1 g5 21. Nxe5 fxe5 22. Bxg5 Re8 23. Bxh4 Ng6 24. Bg5 Nc4 25. Ne3 Nd2 26. Nd5+ cxd5 27. Bxd2 Rf8 28. Be3 d4 29. Bh6 Rf7 30. Kf1 Rh8 31. Bd2 Rxh2 32. f3 Rfh7 33. Bg5 R7h5 34. Bf6 Nf4 35. g4 Rh1+ 36. Kf2 R5h2+ 0-1

[Event "Montreal Mercredi 09"]
[Site "Montreal"]
[Date "2008.09.03"]
[Round "1"]
[White "Serra, Luc"]
[Black "Rainton, Jean Pierre"]
[Result "0-1"]
[WhiteElo "1611"]
[BlackElo "1702"]
[PlyCount "50"]
[EventDate "2008.09.03"]
[EventType "tourn"]
[EventRounds "5"]
[EventCountry "CAN"]
[SourceTitle "EXT 2011"]
[Source "ChessBase"]
[SourceDate "2010.11.26"]
[SourceVersion "1"]
[SourceVersionDate "2010.11.26"]
[SourceQuality "1"]

1. e4 c5 2. Na3 Nc6 3. Bb5 a6 4. Bxc6 bxc6 5. Nf3 d5 6. e5 Bf5 7. 0-0 e6 8. d3 h6 9. c3 Ne7 10. Be3 Ng6 11. h3 Nh4 12. Bf4 Nxf3+ 13. Qxf3 Rb8 14. g4 Bg6 15. Bc1 Be7 16. Qe2 0-0 17. f4 Qb6 18. f5 exf5 19. gxf5 Bh7 20. f6 gxf6 21. exf6 Bd6 22. Bxh6 c4+ 23. d4 Qxb2 24. Qxb2 Rxb2 25. Bxf8 Bh2+ 0-1